Currency Convertibility and the Transformation of Centrally Planned Economies /

This paper examines the problems in establishing currency convertibility- and the optimal timing- in formerly planned economies making the transition to market-oriented systems.

Xehetasun bibliografikoak
Egile nagusia: Greene, Joshua
Beste egile batzuk: Isard, Peter
Formatua: Aldizkaria
Hizkuntza:English
Argitaratua: Washington, D.C. : International Monetary Fund, 1991.
Saila:Occasional Papers; Occasional Paper ; No. 1991/004
Sarrera elektronikoa:Full text available on IMF
LEADER 01293cas a2200253 a 4500
001 AALejournalIMF015752
008 230101c9999 xx r poo 0 0eng d
020 |c 15.00 USD 
020 |z 9781557752147 
022 |a 0251-6365 
040 |a BD-DhAAL  |c BD-DhAAL 
100 1 |a Greene, Joshua. 
245 1 0 |a Currency Convertibility and the Transformation of Centrally Planned Economies /  |c Joshua Greene, Peter Isard. 
264 1 |a Washington, D.C. :  |b International Monetary Fund,  |c 1991. 
300 |a 1 online resource (30 pages) 
490 1 |a Occasional Papers 
500 |a <strong>Off-Campus Access:</strong> No User ID or Password Required 
500 |a <strong>On-Campus Access:</strong> No User ID or Password Required 
506 |a Electronic access restricted to authorized BRAC University faculty, staff and students 
520 3 |a This paper examines the problems in establishing currency convertibility- and the optimal timing- in formerly planned economies making the transition to market-oriented systems. 
538 |a Mode of access: Internet 
700 1 |a Isard, Peter. 
830 0 |a Occasional Papers; Occasional Paper ;  |v No. 1991/004 
856 4 0 |z Full text available on IMF  |u http://elibrary.imf.org/view/books/084/01470-9781557752147-en/01470-9781557752147-en-book.xml  |z IMF e-Library